000 00718nam a2200205Ii 4500
003 JO-AjNU
008 230605s9999||||xx |||||||||||||| ||und||
040 _aJO-AjNU
_bara
_erda
_cJO-AjNU
041 _aara
050 1 4 _aBP193.13.K42 1972
100 3 _aخالد، خالد محمد,
_eauthor
_912772
245 0 0 _aأبناء الرسول في كربلاء
250 _aط4
264 3 1 _aالقاهرة-بيروت: دار الاسلام للنشر والتوزيع، دار الكتاب العربي، 1972
300 _a209ص
336 _atext
_btxt
_2rdacontent
337 _aunmediated
_bn
_2rdamedia
338 _avolume
_bnc
_2rdacarrier
650 4 _aاهل بيت الرسول- معركة كربلاء
_912773
999 _aA3004
_c6572
_d6572